Vista normal Vista MARC

Entrada Topical Term

Número de registros utilizados en: 1

001 - CONTROL NUMBER

  • control field: 1850

003 - CONTROL NUMBER IDENTIFIER

  • control field: OSt

005 - DATE AND TIME OF LATEST TRANSACTION

  • control field: 20200325152253.0

008 - FIXED-LENGTH DATA ELEMENTS

  • fixed length control field: 200325|| aca||aabn | a|a d

040 ## - CATALOGING SOURCE

  • Original cataloging agency: OSt
  • Transcribing agency: OSt

150 ## - HEADING--TOPICAL TERM

  • Topical term or geographic name entry element: Internet. Sesión remota

670 ## - SOURCE DATA FOUND

  • Source citation: Work cat.: (OSt)4907: Krol, Ed., autor 1849, Conéctate al mundo de internet /, 1995